000 00402nam a22001697a 4500
003 OSt
005 20211118101057.0
008 211118b |||||||| |||| 00| 0 eng d
020 _a0198776144
040 _cHU
082 _a338
100 _aGYLFASON THORVALDUR
_919157
245 _aPRINCIPLES OF ECONOMIC GROWTH
260 _aUNITED STATE
_bAMERICA
_c1999
300 _a188
942 _2ddc
_cBOOKS
_n0
999 _c18935
_d18935